• 首页
  • 本馆介绍
  • 公告通知
  • 最新文献
  • 馆藏检索
  • 电子资源
  • 读者导购
  • 参考咨询
  • 我的图书馆
  • 登录
  • 详细信息显示
  • 放入我的书架
  • 预约/预借图书
  • 作者相关作品
  • 分类相关作品
  • 丛书相关作品
  • 出版社相关作品

书目信息

  • 表格格式
  • 工作单格式
  • 卡片格式
题名:
锤头镰刀旗下
    
 
作者: 曾成贵 著
分册:  
出版信息: 福州   福建人民出版社  2017
页数: 444页
开本: 24cm
丛书名:
单 册:
中图分类: D16
科图分类:
主题词:
电子资源:
ISBN: 978-7-211-07743-4
000 00891nam0 2200229 450
001 012001002960
005 20140926114739.0
010    @a978-7-211-07743-4@dCNY58.00
100    @a20180513d2017 em y0chiy50 ea
101 0  @achi
102    @aCN@b350000
105    @ay z 000yy
106    @ar
200 1  @a锤头镰刀旗下@9chui tou lian dao qi xia@e中共建党之路与共产国际@f曾成贵著
210    @a福州@c福建人民出版社@d2017
215    @a444页@d24cm
330    @a本书从党的建设历史这个新的角度切入,研究了延安整风前的共产国际、联共(布)与中国革命的关系,再现了中国共产党人在中国革命的实践中艰苦探索,对共产国际指导正确和错误两个方面进行分析和总结,从而找到了中国革命和党的建设的正确道路的艰辛历程。
601 02 @a共产国际@x关系@x中国共产党@x党史@x研究
690    @aD16@v5
701  0 @a曾成贵@9zeng cheng gui@f(1954-)@4著
801  0 @aCN@b上海新华@c20180901
905    @b1153778-82@dD16@e21@f5
    
    锤头镰刀旗下:中共建党之路与共产国际/曾成贵著.-福州:福建人民出版社,2017
    444页;24cm
    
    
    ISBN 978-7-211-07743-4:CNY58.00
    本书从党的建设历史这个新的角度切入,研究了延安整风前的共产国际、联共(布)与中国革命的关系,再现了中国共产党人在中国革命的实践中艰苦探索,对共产国际指导正确和错误两个方面进行分析和总结,从而找到了中国革命和党的建设的正确道路的艰辛历程。
●
相关链接 在E读中查询图书 在五车中查询图书 在当当中查询图书 在豆瓣中查询图书


正题名:锤头镰刀旗下     索取号:D16/21         预约/预借

序号 登录号 条形码 馆藏地/架位号 状态 备注
1 1153778   211537782   第一样本阅览室/ [索取号:D16/21] 在馆    
2 1153779   211537791   第一借阅区/ [索取号:D16/21] 在馆    
3 1153780   211537808   第一借阅区/ [索取号:D16/21] 在馆    
4 1153781   211537817   密集书库-史法系/ [索取号:D16/21] 在馆    
5 1153782   211537826   第一借阅区/ [索取号:D16/21] 在馆    
唐山师范学院图书馆 欢迎您!
大连网信软件有限公司© 版权所有